El nombre en las personas humanas (Registro nro. 31652)

Detalles MARC
000 -LEADER
fixed length control field 00321 a2200109 4500
001 - CONTROL NUMBER
control field ART_40699
005 - DATE AND TIME OF LATEST TRANSACTION
control field 20260410162005.0
008 - FIXED-LENGTH DATA ELEMENTS--GENERAL INFORMATION
fixed length control field 260409a
100 1# - MAIN ENTRY--PERSONAL NAME
Personal name Montalto, Ana M.
245 10 - TITLE STATEMENT
Title El nombre en las personas humanas
773 0# - HOST ITEM ENTRY
Title Temas de derecho civil
Related parts - Año 2, Nº 11 (nov. 2016)
Record control number REV34778

No hay ítems disponibles.